|
|
|
|
| LEADER |
01299nam a2200313 a 4500 |
| 001 |
14599413 |
| 008 |
111227s2007 dcua b i001 0 eng |
| 010 |
|
|
|a 2006034749
|
| 020 |
|
|
|a 9780821367254 (pbk.)
|
| 020 |
|
|
|a 0821367250 (pbk.)
|
| 020 |
|
|
|a 0821367269 (electronic)
|
| 020 |
|
|
|a 9780821367261 (electronic)
|
| 040 |
|
|
|a DLC
|c DLC
|d BAKER
|d BTCTA
|d C#P
|d YDXCP
|d DLC
|d BD-DhAAL
|
| 043 |
|
|
|a d------
|
| 050 |
0 |
0 |
|a HD75
|b .M265 2007
|
| 082 |
0 |
0 |
|a 364.1/323
|2 22
|
| 245 |
0 |
4 |
|a The many faces of corruption :
|b tracking vulnerabilities at the sector level /
|c edited by J. Edgardo Campos, Sanjay Pradhan.
|
| 260 |
|
|
|a Washington, D.C. :
|b World Bank,
|c c2007.
|
| 300 |
|
|
|a xxxi, 447 p. :
|b ill. ;
|c 26 cm.
|
| 504 |
|
|
|a Includes bibliographical references and index.
|
| 541 |
|
|
|e 00024150
|
| 650 |
|
0 |
|a Corruption.
|
| 650 |
|
0 |
|a Economic development
|x Moral and ethical aspects.
|
| 651 |
|
0 |
|a Developing countries
|x Economic policy
|x Moral and ethical aspects.
|
| 700 |
1 |
|
|a Campos, J. Edgardo.
|
| 700 |
1 |
|
|a Pradhan, Sanjay.
|
| 852 |
1 |
|
|a Ayesha Abed Library
|c General shelf.
|
| 999 |
|
|
|c 11686
|d 11686
|
| 952 |
|
|
|0 0
|1 0
|2 ddc
|4 0
|6 364_100000000000000_323_MAN
|7 0
|9 19001
|a BRACUL
|b BRACUL
|c GEN
|d 2011-12-27
|e MIDAS
|g 3600.00
|l 3
|m 36
|o 364.1323 MAN
|p 3010024150
|r 2016-03-15
|s 2016-03-01
|t 1
|w 2011-12-28
|y BK
|x 45.00 (USD)
|